00821nam a2200241Ia 4500001000600000003000900006008004100015040001300056040001300069041001300082100002400095100002900119245003000148245006500178250001100243260001200254260001500266260004900281300005700330500012900387650003200516650003100548C7220IT-RoPAU130308s9999 xx 000 0 und d aIT-RoPAU cIT-RoPAU aITALIANO aVittadini Nicoletta gCodice Aut. SPICS: 36565 aNew media e pubblicità  bDizionario della Pubblicità. Storia, Tecniche, Personaggi a1a ed. aBOLOGNA bZanichelli c1994 [1° Ed.:1994 - Ed.Ling.Originale:1994] a"5 p. (prefazione: no ; testo: 5 [pagine: 306-310])" aCaratteristiche dei New Media. Origine Tecnologica. impatto Sul Mondo pubblicitario . New Media e Pubblicità Tradizionale. aENCICLOPEDIE DI PUBBLICITA' eCodice materia Spics: 6201